000 00730nam a22002417a 4500
003 UA-OsUOA
001 44192
007 ta
008 20100701b un ||||| |||| 00| 0 ukr d
100 _aКовалевська О.
090 _a01
_bК56
942 _cBK
040 _aUA-OsUOA
_bukr
_cUA-OsUOA
_dUA-OsUOA
245 _aМазепіана: матеріали до бібліографії (1688-2009)
300 _a248 с.
955 _a1
041 _aukr
080 _a01
260 _aК.
_c2009
650 7 _a01 Бібліографія і бібліографії. Каталоги
_2UDC
999 _c424062
_d424062